Statistics for Shawn Michaels career opponents

Click here to take the quiz!

General Stats

  • This quiz has been taken 341 times
    (248 since last reset)
  • The average score is 55 of 119

Answer Stats

Answer% Correct
Triple H
100%
The Undertaker
98%
Bret "Hitman" Hart
94%
"Stone Cold" Steve Austin
94%
Kane
93%
Chris Jericho
91%
Hulk Hogan
91%
Owen Hart
91%
Edge
90%
Randy Orton
89%
John Cena
88%
Ric Flair
88%
Batista
84%
Razor Ramon
84%
Diesel
83%
Marty Jannetty
83%
Randy Savage
82%
Christian
80%
Kurt Angle
79%
Chris Benoit
78%
Rob Van Dam
78%
Davey Boy Smith
76%
Jeff Hardy
76%
The Big Show
74%
Sid
73%
Vince McMahon
73%
Goldust
72%
John Bradshaw Layfield
72%
Shane McMahon
71%
Vader
71%
Yokozuna
70%
Jeff Jarrett
68%
Shelton Benjamin
68%
Goldberg
67%
Rey Mysterio
67%
Mankind
66%
"Million Dollar Man" Ted Dibiase
66%
Jake "The Snake" Roberts
65%
Jim "The Anvil" Neidhart
65%
Mr. Perfect
65%
Billy Gunn
63%
Chavo Guerrero
61%
Mark Henry
61%
Faarooq
59%
Rick Martel
59%
Jerry "The King" Lawler
57%
Tito Santana
57%
"Rowdy" Roddy Piper
56%
Tatanka
56%
Big Bossman
55%
Crush
55%
Lex Luger
55%
Ted Dibiase Jr.
55%
Carlito
51%
Kama
50%
Umaga
50%
1-2-3 Kid
49%
Dean Douglas
49%
Doink the Clown
48%
Ken Shamrock
45%
Chris Masters
44%
King Kong Bundy
43%
Smash
43%
"Hacksaw" Jim Duggan
41%
Irwin R. Shyster
41%
The Great Khali
41%
Bob Backlund
40%
"Superfly" Jimmy Snuka
39%
Adam Bomb
38%
Virgil
38%
Fatu
37%
Mr. Kennedy
37%
Kamala
35%
Koko B. Ware
34%
The Barbarian
34%
Buddy Rose
33%
Barry Horowitz
29%
Paul Roma
28%
Lance Cade
27%
Snitsky
27%
Spirit Squad Kenny
27%
Typhoon
27%
Max Moon
26%
Trevor Murdoch
26%
Scott Taylor
24%
Jim Powers
22%
Skip
22%
Jerry Sags
21%
Vladimir Kozlov
21%
Muhammad Hassan
20%
Aldo Montoya
18%
One Man Gang
18%
The Brooklyn Brawler
18%
Jim Brunzell
17%
Leif Cassidy
17%
Doug Somers
16%
Pierre
16%
Rob Conway
16%
Spirit Squad Nicky
16%
Daivari
15%
Jimmy Del Ray
15%
Flash Funk
13%
Ron Bass
13%
Tom Prichard
13%
Billy Jack Haynes
11%
Jonathan Coachman
11%
Salvatore Sincere
11%
Blake Beverly
10%
Buddy Landell
6%
Danny Davis
6%
Louie Spicolli
4%
Adrian Street
2%
Bushwhacker Butch
2%
Col. DeBeers
2%
Jack Victory
0%
Joey Maggs
0%
Nord the Barbarian
0%
The Missing Link
0%
Tim Horner
0%

Score Distribution

Percentile by Number Answered

Percent of People with Each Score

Your Score History

You have not taken this quiz since the last reset